Denkräume zwischen Kunst und Wissenschaft : 5. Kunsthistorikerinnentagung in Hamburg. Hrsg. von Silvia Baumgart ...; [Rezension]
Gespeichert in:
| Veröffentlicht in: | Kritische Berichte 22(1994), 4, Seite 73-77 |
|---|---|
| VerfasserIn: | |
| Dokumenttyp: | Tagungsbericht Online-Ressource Aufsatz |
| Sprache: | German |
| Veröffentlicht: |
1994
|
| Schlagwörter: | |
| Online Zugang: | kostenfrei kostenfrei |
| Bibliogr. Hinweis: | In:
Kritische Berichte Rezension von: Denkräume zwischen Kunst und Wissenschaft |
| Verantwortlich: | Hildegard Frübis |
| LEADER | 02960caa a2200577 c 4500 | ||
|---|---|---|---|
| 001 | 1483863271 | ||
| 003 | DE-627 | ||
| 005 | 20260303134939.0 | ||
| 007 | cr cn 008aaaaa | ||
| 008 | 140901s1994 xx |||||oo 00| ||ger c | ||
| 024 | 7 | |a urn:nbn:de:bsz:16-kb-159627 |2 urn | |
| 024 | 7 | |a 10.11588/kb.1994.4.15962 |2 doi | |
| 035 | |a (DE-627)1483863271 | ||
| 035 | |a (DE-576)413863271 | ||
| 035 | |a (DE-599)BSZ413863271 | ||
| 035 | |a (OCoLC)1263655446 | ||
| 040 | |a DE-627 |b ger |c DE-627 |e rakwb | ||
| 041 | |a ger | ||
| 084 | |a 9,10 |2 ssgn | ||
| 100 | 1 | |a Frübis, Hildegard |0 (DE-588)172857481 |0 (DE-627)697786625 |0 (DE-576)133713024 |4 aut | |
| 245 | 1 | 0 | |a Denkräume zwischen Kunst und Wissenschaft |b 5. Kunsthistorikerinnentagung in Hamburg. Hrsg. von Silvia Baumgart ...; [Rezension] |c Hildegard Frübis |
| 264 | 1 | |c 1994 | |
| 336 | |a Text |b txt |2 rdacontent | ||
| 337 | |a Computermedien |b c |2 rdamedia | ||
| 338 | |a Online-Ressource |b cr |2 rdacarrier | ||
| 533 | |a Online-Ausg. |b Heidelberg |c Univ.-Bibl. |d 2014 |e Online-Ressource |7 |2014|||||||||| | ||
| 583 | 1 | |a Archivierung/Langzeitarchivierung gewährleistet |x XA-DE-BW |2 pdager |5 DE-16 | |
| 655 | 7 | |a Rezension |0 (DE-588)4049712-4 |0 (DE-627)106186019 |0 (DE-576)209083166 |2 gnd-content | |
| 689 | 0 | 0 | |d p |0 (DE-588)11862914X |0 (DE-627)137813589 |0 (DE-576)209154268 |a Warburg, Aby |d 1866-1929 |2 gnd |
| 689 | 0 | 1 | |d s |0 (DE-588)4222126-2 |0 (DE-627)104499168 |0 (DE-576)210278633 |a Feminismus |2 gnd |
| 689 | 0 | 2 | |d s |0 (DE-588)4482930-9 |0 (DE-627)238719960 |0 (DE-576)212897381 |a Geschlechterforschung |2 gnd |
| 689 | 0 | 3 | |d s |0 (DE-588)4033643-8 |0 (DE-627)106256408 |0 (DE-576)209002948 |a Kunstgeschichtsschreibung |2 gnd |
| 689 | 0 | 4 | |d s |0 (DE-588)4114333-4 |0 (DE-627)105822957 |0 (DE-576)209483733 |a Kunst |2 gnd |
| 689 | 0 | |5 (DE-627) | |
| 711 | 2 | |a Kunsthistorikerinnen-Tagung |n 5. |d 1991 |c Hamburg |0 (DE-588)2131252-7 |0 (DE-627)127306048 |0 (DE-576)19450610X |4 oth | |
| 773 | 0 | 8 | |i In |t Kritische Berichte |d Heidelberg : arthistoricum.net, 1973 |g 22(1994), 4, Seite 73-77 |h Online-Ressource |w (DE-627)751049069 |w (DE-600)2722286-X |w (DE-576)385942125 |x 2197-7410 |7 nnas |
| 773 | 1 | 8 | |g volume:22 |g year:1994 |g number:4 |g pages:73-77 |
| 787 | 0 | 8 | |i Rezension von |t Denkräume zwischen Kunst und Wissenschaft |d Berlin : Reimer, 1993 |h 530 S. |w (DE-627)131697617 |w (DE-576)035595043 |z 3496010975 |
| 856 | 4 | 0 | |u http://nbn-resolving.de/urn:nbn:de:bsz:16-kb-159627 |x Verlag |x Resolving-System |z kostenfrei |3 Volltext |7 0 |
| 856 | 4 | 0 | |u http://dx.doi.org/10.11588/kb.1994.4.15962 |x Verlag |x Resolving-System |z kostenfrei |3 Volltext |7 0 |
| 935 | |h SWB |i ld | ||
| 951 | |a AR | ||
| 994 | |u https://ahnp.ub.uni-heidelberg.de/journals/kb/article/view/15962 | ||
| 994 | |u https://ahnp.ub.uni-heidelberg.de/journals/kb/article/view/15962/9828 | ||
| 990 | |a Warburg, Aby | ||
| 990 | |a Feminismus | ||
| 990 | |a Geschlechterforschung | ||
| 990 | |a Kunstgeschichtsschreibung | ||
| 990 | |a Kunst | ||
| 991 | |a Rezension (Monographie, Zeitschrift, Aufsatz) | ||
| 999 | |a KXP-PPN1483863271 |e 4001639238 | ||


